000 00755cam a2200217 a 4500
001 000008285
005 20200929161325.0
008 790416s1979 ve 001 0 spa
020 _cBs26.00
040 _aDO-SdBNP
_cDLC
_dBNPHU
082 _aV861.0842
_bR175a
100 1 _aRamos Sucre, Jose Antonio.
_d1890-1930
_914006
245 1 0 _aAntología poética /
_cJose Antonio Ramos Sucre ; selección e introducción, Francisco Pérez Perdomo.
260 _aCaracas :
_bMonte Avila,
_c1979.
300 _a237 p. ;
_c21 cm.
490 0 _aColeccion Altazor
650 4 _aPoesía venezolana
_xColecciones
_99022
650 4 _aLiteratura venezolana
_xColecciones
_98890
700 1 _aPérez Perdomo, Francisco,
_eintrod.
_914063
910 _aCatalogación derivada
999 _c8056
_d8056